000 00996nam a2200265Ia 4500
003 OSt
005 20221005104326.0
006 a|||||r|||| 00| 0
007 ta
008 221004b |||||||| |||| 00| 0 hin d
020 _a9789352666324 (hbk)
_cINR 400.00
024 _a66402
037 _bGV726, 11/03/2020, Vani Prakashan
_cTextual
040 _aCRL
_cCRL
_bhin
041 _2hin
_ahin
082 _aS:523, 152Q8
100 _aहिल, नेपोलियन, ले.
245 0 _aसक्सेस के वैज्ञानिक वैज्ञानिक सूत्र
246 _aSakses ke vaijnyānik vaijnyānik sūtra
260 _aदिल्ली
_bप्रभात प्रकाशन भारत
_c2018
300 _a215पृ0
_ccm.
650 _aमनोविज्ञान
942 _hS:523, 152Q8
_cTEXL
_2cc
999 _c1012376
_d1012376